THE MOUSE ISLAND MARATHON (Record no. 8877)
[ view plain ]
| 000 -LEADER | |
|---|---|
| fixed length control field | 00273nam a22001097a 4500 |
| 082 ## - DEWEY DECIMAL CLASSIFICATION NUMBER | |
| Classification number | 823 |
| Item number | DAM/M |
| 100 ## - MAIN ENTRY--AUTHOR NAME | |
| Personal name | DAMI, ELISABETTA |
| 245 ## - TITLE STATEMENT | |
| Title | THE MOUSE ISLAND MARATHON |
| 246 ## - VARYING FORM OF TITLE | |
| Title proper/short title | THE MOUSE ISLAND MARATHON |
| Remainder of title | THE MOUSE ISLAND MARATHON |
| 650 ## - SUBJECT ADDED ENTRY--TOPICAL TERM | |
| Topical Term | ENGLISH STORY |
| 942 ## - ADDED ENTRY ELEMENTS (KOHA) | |
| Koha item type | Books |
| Withdrawn status | Lost status | Collection code | Home library | Current library | Date acquired | Full call number | Accession Number | Koha item type |
|---|---|---|---|---|---|---|---|---|
| Lost | Fiction | Main Library | Main Library | 07/08/2024 | 823 DAM/M | 00900 | Books |